000 00550nam a2200205Ia 4500
003 OSt
005 20260330152459.0
008 211109s9999||||xx |||||||||||||| ||und||
040 _cSBCL
082 _a894.8123
_bPAD-T
100 _aPadmanabhan,T
245 0 _aKathaakruthu-Sakshi
260 _bDC Books
_aKottayam
300 _a128p.
630 _xLiterature & rhetoric
650 _aLiteratures of other languages
650 _aAltaic, Uralic, Hyperborean & Dravidian
650 _vmalayalam literature
_xMALAYALAM LANGUAGE
942 _cBOOK
999 _c54115
_d54115